1831 1999 1387 1987 1233 1868 1021 1824 1866 1664 1300 1227 1692 1314 1469 1183 1764 1652 1842 1270 1671 1996 1971 1158 1288 1231 1736 1220 1671 1458 1872 1439 1824 1787 1729 1740 1196 1092 1554 1002 1072 1431 1693 1235 1185 1504 1335 1694 1033 1824 1538 1162 1299 1901 1504 1696 1138 1384 1777 1195 1314 1019 1642 1809 1193 1438 1196 1465 1855 1348 1269 1935 1170 1238 1940 1910 1132 1903 1642 1450 1343 1567 1488 1034 1398 1700 1427 1075 1955 1544 1748 1146 1382 1654 1760 1860 1991 1643 1459 BCNSPRNW ULIB Ver.6.0+V

เปลี่ยนเป็นภาษาไทย

Change to English
 แสดงรายละเอียดบรรณานุกรม
  กลับหน้าหลัก

Brief Record : Get Marc (ISO 2709) : E-mail record : QR code < ปิดหน้าต่าง
LEADER : 00000nam 2200000uu 4500
001    13399127122
003     ULIB
008    191016s2017||||th 000 0 tha d
020    ^a9781506224350
050  4 ^aPE1128^bS625
245 00 ^a6 practice tests for the IELTS
246 3  ^aSix practice tests for the IELTS
246 30 ^aKaplan 6 practice tests for the IELTS
260    ^aNew York :^bKaplan Publishing, a division of Kaplan, Inc.,^c2017
300    ^a213 p. :^bill., maps, charts ;^c28 cm +^e1 CD-ROM (4 3/4in.)
500    ^a"World leader in test preparation for over 75 yearsCover.
500    ^aAccompanying CD-ROM contains listening tracks, compatiblewith devices that can play MP3 discs.
520    ^aKaplan s 6 Practice Tests for the IELTS provides printedexams and expert explanations for all four sections of theIELTS Academic test. Realistic practice questions,personalized performance reports, and test-like Listeningtracks help you face the exam with confidence ... Eachyear, hundreds of thousands of people in over 140countries worldwide take the IELTS exam in order todemonstrate English-language proficiency. The exam, whichtests listening, reading, writing, and speaking skills, isused for entrance into universities, nonacademic businesssettings, and as a part of immigration applications forpermanent residence or citizenship in several English-speaking countries. The IELTS is an approved English-language test for U.S. and UK naturalization and visaapplications. Adapted from Amazon.com.
650  0 ^aInternational English Language Testing System^vStudyguides
650  0 ^aEnglish language^vExaminations, questions, etc.
650  0 ^aEnglish language^vTextbooks for foreign speakers
653    ^aIELTS
710 2  ^aKaplan Publishing,^epublisher
945    ^p620^l0^i006312
999    ^aประนอม เกษจรัล
รายการนี้ยังไม่มีแท็ก
คุณยังไม่ได้ล็อกอิน คุณสามารถมีกิจกรรมร่วมกับเว็บไซต์ได้ แต่ต้องล็อกอินก่อน ::
  ล็อกอิน

รายการสื่อสารสนเทศ

ลำดับที่ ประเภท เลขเรียก/บาร์โค้ด สถานที่ สถานะ
1. การศึกษาทั่วไป
การศึกษาทั่วไป
PE1128 S625 ฉ.1 
  Barcode: 006312
ห้องสมุดวิทยาเขตสวรรค์ประชารักษ์
►หนังสือทั่วไป
บนชั้น

BibComment


ยังไม่เคยถูกคอมเมนท์

คอมเมนท์ทรัพยากรรายการนี้
  คอมเมนท์: 6 practice tests..


 Copyright 2026. Bcnsprnw @Library